| 000 | 01529cam a2200421 a 4500 | ||
|---|---|---|---|
| 001 | 4489411 | ||
| 003 | OSt | ||
| 005 | 20140310182716.0 | ||
| 008 | 970604s1997 nyu b 001 0 eng c | ||
| 010 | _a 97022253 | ||
| 020 | _a0025361929 | ||
| 040 |
_aDNLM/DLC _cDLC _dDLC |
||
| 050 | 0 | 0 |
_aRC 280 _b.Ep64 1997 |
| 060 | 1 | 0 | _a(NLM) Not Acquired |
| 060 | 1 | 0 | _aWP 870 E64b 1997 |
| 082 | 0 | 0 |
_aM 616.99449052 _bEp8 1997 |
| 100 | 1 | _aEpstein, Samuel S. | |
| 245 | 1 | 4 |
_aThe breast cancer prevention program / _cEpstein, Samuel S. |
| 260 |
_aNew York, NY : _bMacmillan, _cc1997. |
||
| 300 |
_axv, 416 p. ; _c24 cm. _bill. ; |
||
| 504 | _aIncludes bibliographical references (p. 335-401) and index. | ||
| 521 | _acollege students | ||
| 526 | _c1210L to 1700L | ||
| 541 | _j1 | ||
| 562 | _efor circulation : 1 copy available in the collection | ||
| 650 | 0 |
_aBreast _xCancer _xPrevention. |
|
| 650 | 0 |
_aBreast _xCancer _xRisk factors. |
|
| 650 | 0 |
_aBreast _xCancer _xPopular works. |
|
| 650 | 1 | 2 |
_aBreast Neoplasms _xprevention & control _xpopular works. |
| 650 | 2 | 2 |
_aBreast Neoplasms _xetiology _xpopular works. |
| 650 | 2 | 2 |
_aRisk Factors _xpopular works. |
| 700 | 1 | _aSteinman, David. | |
| 700 | 1 | _aLeVert, Suzanne. | |
| 856 | 4 | 1 |
_3Table of contents _uhttp://www.loc.gov/catdir/toc/wiley022/97022253.html |
| 906 |
_a7 _bcbc _corignew _d1 _eocip _f19 _gy-gencatlg |
||
| 942 |
_2lcc _cBK _kM |
||
| 999 |
_c15288 _d15288 |
||